[Event "Midwest-ch Collegiate"]
[Site "Columbia"]
[Date "2019.10.05"]
[Round "3"]
[White "Tsolakidou, Stavroula"]
[Black "Keisler, Philip Gomory"]
[Result "1-0"]
[WhiteElo "2431"]
[BlackElo "1837"]
[PlyCount "123"]
[EventDate "2019.10.04"]
[EventType "swiss"]
[EventRounds "5"]
[EventCountry "USA"]
[SourceTitle "EXT 2020"]
[Source "ChessBase"]
[SourceDate "2019.10.17"]
[SourceVersion "1"]
[SourceVersionDate "2019.10.17"]
[SourceQuality "1"]

1. Nf3 Nf6 2. c4 e6 3. g3 d5 4. d4 c6 5. Bg2 Nbd7 6. 0-0 Bd6 7. Nfd2 0-0 8. Nc3 Be7 9. e4 dxe4 10. Ndxe4 Nxe4 11. Nxe4 Nf6 12. Nc3 c5 13. Be3 cxd4 14. Bxd4 Qc7 15. Qb3 Bc5 16. Rad1 Bxd4 17. Rxd4 Bd7 18. Rfd1 Bc6 19. Nb5 Qa5 20. Bxc6 bxc6 21. Nc3 Rad8 22. Rxd8 Rxd8 23. Rxd8+ Qxd8 24. Qb7 h5 25. Qxc6 Qd2 26. Qa8+ Kh7 27. Qxa7 Qxb2 28. Qa5 g6 29. h3 Ne4 30. Nxe4 Qb1+ 31. Kh2 Qxe4 32. Qc7 Kg7 33. Qf4 Qc2 34. Qd4+ Kh7 35. a3 e5 36. Qe3 Qxc4 37. Qxe5 h4 38. g4 Qb3 39. Qe3 Qb8+ 40. Kg2 Qb7+ 41. Qf3 Qd7 42. Qe4 Kg8 43. a4 Qa7 44. Qe8+ Kg7 45. Qe5+ f6 46. Qe4 Qa6 47. Kg1 Qa7 48. Qc6 Qd4 49. Qa8 f5 50. gxf5 gxf5 51. a5 Kh6 52. Qc6+ Kh7 53. Qb7+ Kh8 54. a6 Qf6 55. a7 Qg5+ 56. Kh1 Qc1+ 57. Kg2 Qg5+ 58. Kf3 Qh5+ 59. Kf4 Qh6+ 60. Ke5 Qg7+ 61. Qxg7+ Kxg7 62. a8Q 1-0

[Event "Midwest-ch Collegiate"]
[Site "Columbia"]
[Date "2019.10.04"]
[Round "1"]
[White "Chandra, Akshat"]
[Black "Keisler, Philip Gomory"]
[Result "1-0"]
[WhiteElo "2513"]
[BlackElo "1837"]
[PlyCount "99"]
[EventDate "2019.10.04"]
[EventType "swiss"]
[EventRounds "5"]
[EventCountry "USA"]
[SourceTitle "EXT 2020"]
[Source "ChessBase"]
[SourceDate "2019.10.17"]
[SourceVersion "1"]
[SourceVersionDate "2019.10.17"]
[SourceQuality "1"]

1. e4 e5 2. Nf3 Nc6 3. Bb5 a6 4. Ba4 Nf6 5. 0-0 Be7 6. d3 b5 7. Bb3 d6 8. a3 Na5 9. Ba2 c5 10. Nc3 Be6 11. Nh4 0-0 12. Nf5 Bxf5 13. exf5 d5 14. Bg5 c4 15. Qe1 d4 16. Bxf6 Bxf6 17. Ne4 Qc7 18. f4 Bd8 19. f6 gxf6 20. fxe5 fxe5 21. b4 cxb3 22. cxb3 Kh8 23. Rc1 Qb6 24. b4 Nc6 25. Nf6 Nb8 26. Qe4 Bxf6 27. Qxa8 Bg5 28. Rxf7 Be3+ 29. Kh1 Rxf7 30. Rc8+ Kg7 31. Bxf7 Qf6 32. Rg8+ Kh6 33. Qf3 Qxf3 34. gxf3 Nd7 35. Ra8 Kg7 36. Be6 Nf6 37. Rxa6 Nh5 38. Bd7 Nf4 39. Bxb5 Nd5 40. Bc4 Nc3 41. b5 Bf4 42. b6 Nb1 43. b7 e4 44. fxe4 Nd2 45. Ra8 Nxc4 46. dxc4 d3 47. b8Q Bxb8 48. Rxb8 d2 49. Rd8 d1Q+ 50. Rxd1 1-0

[Event "Midwest-ch Collegiate"]
[Site "Columbia"]
[Date "2019.10.04"]
[Round "2"]
[White "Keisler, Philip Gomory"]
[Black "Bartochowski, Nicholas J"]
[Result "1-0"]
[WhiteElo "1837"]
[BlackElo "2109"]
[PlyCount "147"]
[EventDate "2019.10.04"]
[EventType "swiss"]
[EventRounds "5"]
[EventCountry "USA"]
[SourceTitle "EXT 2020"]
[Source "ChessBase"]
[SourceDate "2019.10.17"]
[SourceVersion "1"]
[SourceVersionDate "2019.10.17"]
[SourceQuality "1"]

1. e4 e6 2. d4 d5 3. Nc3 Bb4 4. e5 Qd7 5. a3 Bxc3+ 6. bxc3 b6 7. Bd3 Ba6 8. f4 Bxd3 9. Qxd3 Nh6 10. Ne2 Nc6 11. 0-0 0-0-0 12. h3 f5 13. a4 Na5 14. Be3 Qc6 15. Rfb1 Nc4 16. Nc1 Nf7 17. a5 g5 18. axb6 axb6 19. fxg5 Rdg8 20. Ne2 Nxg5 21. Bxg5 Rxg5 22. Nf4 Rhg8 23. Rf1 h5 24. Rf3 h4 25. Qe2 Kb7 26. Kh2 Qd7 27. Kh1 R8g7 28. Raf1 Qe8 29. Ra1 Kc6 30. Raf1 Kd7 31. Ra1 Ke7 32. Ra7 Qb8 33. Ra1 Rg8 34. Qd3 Qb7 35. Qe2 Ra8 36. Rxa8 Qxa8 37. Qe1 Qh8 38. Kh2 Qh6 39. Qc1 Kd7 40. Qe1 Rg3 41. Nd3 Ne3 42. Rxg3 hxg3+ 43. Kg1 Qg5 44. Qe2 Ke7 45. Ne1 Ng4 46. Nd3 Ne3 47. Ne1 f4 48. Qf3 Qf5 49. Nd3 Qe4 50. Qxe4 dxe4 51. Nxf4 b5 52. Nh5 Nf5 53. Nf6 e3 54. Kf1 b4 55. cxb4 Nxd4 56. c3 Nf5 57. Ng4 Kd7 58. Ke2 Nh4 59. Nxe3 Kc6 60. c4 Ng6 61. Kf3 Nxe5+ 62. Kxg3 Nd3 63. b5+ Kc5 64. h4 Ne5 65. h5 Nf7 66. Kf3 Kd4 67. g4 e5 68. Nd5 Kd3 69. c5 Ng5+ 70. Kf2 Ne4+ 71. Ke1 Kc4 72. b6 cxb6 73. cxb6 Nd6 74. h6 1-0

[Event "Midwest-ch Collegiate blitz"]
[Site "Columbia"]
[Date "2019.10.03"]
[Round "3"]
[White "Keisler, Philip Gomory"]
[Black "Repka, Christopher"]
[Result "0-1"]
[WhiteElo "1837"]
[BlackElo "2483"]
[PlyCount "128"]
[EventDate "2019.10.03"]
[EventType "swiss (blitz)"]
[EventRounds "9"]
[EventCountry "USA"]
[SourceTitle "EXT 2020"]
[Source "ChessBase"]
[SourceDate "2019.10.17"]
[SourceVersion "1"]
[SourceVersionDate "2019.10.17"]
[SourceQuality "1"]

1. e4 e5 2. Nf3 Nc6 3. Bc4 Nf6 4. d4 exd4 5. e5 d5 6. Bb5 Ne4 7. Nxd4 Bd7 8. Bxc6 bxc6 9. 0-0 Be7 10. f3 Nc5 11. f4 0-0 12. c3 f6 13. Nd2 Rb8 14. N2f3 Ne4 15. e6 c5 16. exd7 cxd4 17. Nxd4 Qxd7 18. f5 Rfe8 19. Bf4 Rxb2 20. Ne6 Bc5+ 21. Nxc5 Nxc5 22. Qd4 Ne4 23. Rfb1 Rxb1+ 24. Rxb1 Qxf5 25. Rf1 c5 26. Qa4 Qe6 27. Qxa7 Nxc3 28. Qxc5 Ne2+ 29. Kh1 Nxf4 30. Rxf4 Qe1+ 31. Qg1 Qd2 32. Rf1 Qxa2 33. Rd1 h5 34. h3 Re2 35. Qd4 Rxg2 36. Qxd5+ Qxd5 37. Rxd5 Rg5 38. Rd7 Kh7 39. Kh2 Kg6 40. Rb7 Ra5 41. Kg3 Ra3+ 42. Kg2 Kh6 43. Rb6 Kg5 44. Rb5+ f5 45. Rb6 Ra2+ 46. Kg3 h4+ 47. Kf3 Rh2 48. Rb7 Rxh3+ 49. Kg2 Rg3+ 50. Kh2 g6 51. Rb4 f4 52. Ra4 Kg4 53. Rb4 g5 54. Ra4 Rb3 55. Ra2 h3 56. Rc2 Rg3 57. Rc6 Rg2+ 58. Kh1 Ra2 59. Rc5 f3 60. Rc1 Kg3 61. Rg1+ Rg2 62. Rc1 Rh2+ 63. Kg1 f2+ 64. Kf1 Rh1+ 0-1